| 000 | 00827nam a22002177a 4500 | ||
|---|---|---|---|
| 005 | 20230914145512.0 | ||
| 010 | _aENG-138045 | ||
| 020 |
_a9789390434114 _c295.00 |
||
| 035 | _aEN-121577 | ||
| 037 | _bDBAD/PUB | ||
| 082 |
_a320.3 _2First 2021 |
||
| 245 |
_aComparative Government and Politics/ _cEdited By Navajyoti Borah and Lila Bora |
||
| 250 | _aFirst 2021 | ||
| 260 |
_aAssam _bEBH Publishers (India) _c2021 |
||
| 270 |
_bAssam _a136, M.L. Nehru Road, Panbazar, Guwahati _e781001 _k+913612513876 _k+913612519231 _k9207045352 _l+913612519231 _measternbookhouse@gmail.com |
||
| 300 |
_a201p. _c24cm(pbk) |
||
| 500 | _aFor BA (Regular) Gauhati And Dibrugarh University Semester III | ||
| 700 |
_aBorah, Navajyoti _eEditor _956605 |
||
| 700 |
_aBora, Lila _eEditor _956606 |
||
| 942 |
_2ddc _cEN _h320.3 _mCOM |
||
| 999 |
_c198125 _d198125 |
||